PurpleStars02 Trivia - Statistics

General Stats
  • This quiz has been taken 108 times
    60 since last reset
  • The average score is 3 of 15
Answer Stats
Hint Answer % Correct
Who did Kayla babysit, and is now her friend? Kalli
90%
Who was featured in the first "Babysitting our biggest fan" video? Hallie
35%
What store does Kayla usually have meet and greets at? Learning Express
26%
Name Kayla's pet bunny. Chester
23%
Who is Hallie's best friend, who also appears on the channel a lot? Alana
19%
What is Kayla's lip balm brand called? Lipsessed
19%
Who was the first person Kayla collaborated with on YouTube? Nichole Jacklyne
16%
What city does Kayla live in? Pittsburgh
16%
True or False: Kayla used to have a scrunchie business. True
16%
Name Kayla's friends, who co-host her podcast. Hayley
13%
Name Kayla's friends, who co-host her podcast. Ally
10%
When was Kayla's first meet and greet? (Month, Day, and Year) September 4, 2021
10%
Where was her first meet and greet? (STORE NAME) Toyland
10%
What is Kayla's podcast's name? She Said That
6%
What type of videos is Kayla known for? Shopping challenges
3%
No matching quizzes found
Score Distribution
Percent of People with Each Score
Percentile by Number Answered
Your Score History
You have not taken this quiz since the last reset